01931nam a22002057a 4500952011300000999001700113008004100130020001800171050002100189100003600210245014800246260004100394300001800435500004700453505110800500519004601608650003001654700003401684942000701718 00102lcc4070a11b11d2013-04-23l5oBF721 G75 2011p11 010081r2022-03-07s2022-03-07t1w2013-04-23yLB c89534d89534130423t2011 ag ||||| |||| 00| 0 spa d a9789508922014 aBF721 bG75 2011 aGriffa, María Cristinaeautor aClaves para una Psicología del Desarrollo. Volúmen IIb: Adolescencia, adultez, vejez c/ María Cristina, Griffa : José Eduardo, Moreno aArgentinab: Lugar editorialc, 2011 a392 páginas aIncluye: Indice, Prólogo, Introducción aCapítulo VI. La adolescencia La pubertad Aproximaciones teóricas a la comprensión de la adolescencia Fases de la adolescencia Cambios corporales La identidad como tarea del adolescente Adolescencia: búsqueda del sentido de la vida. Su relación con la sociedad y la cultura El desarrollo de la inteligencia en la adolescencia Otros abordajes acerca de la inteligencia Problemáticas de la adolescencia. Lecturas de reflexión Capítulo VII. Madurez y Adultez El mundo adulto y la madurez humana Etapas de la adultez Notas fundamentales de la adultez Lectura de reflexión Capítulo VIII. Senectud Teorías acerca del proceso de envejecimeitno Modificaciones corporales Modificaciones de la capacidad de rendimiento de las funciones psíquicas Modificaciones de la personalidad La abuelidad El dolor, la enfermedad y la muerte Tiempo, muerte y eternidad Lecturas de reflexión Capítulo IX. El hombre como ser paradojal Primera paradoja: cuerpo- psiquismo Segunda paradoja: subsistente- abierto Tercera paradoja: Existe- Deviene  aMaterial Complementario/ d(11 010081)  aPSICOLOGIA DEL DESARROLLO aMoreno, José Eduardoeautor cLB